| 000 | 00482nam a2200169Ia 4500 | ||
|---|---|---|---|
| 005 | 20250424120317.0 | ||
| 008 | 250424s9999 xx 000 0 und d | ||
| 022 | _a15975527 | ||
| 050 | _aQ 127 .N78/ | ||
| 245 | 0 | _aNsuk journal of science & technology | |
| 260 | _aNasarawa | ||
| 260 | _bPublication of Nasarawa State University | ||
| 260 | _c2011 | ||
| 300 | _aii, 149 p. ; 31 cm. | ||
| 650 | _aTechnology--Nigeria--Periodicals. Science--Nigeria--Periodicals. | ||
| 942 | _cSR | ||
| 999 |
_c38586 _d38586 |
||